00795nam a2200181 a 450000100060000000300090000600800410001502000150005604000280007108200170009910000290011624500750014526000300022030000110025050502960026165000260055765000300058315238CO-ViMGA141112s2004 ck r 000 u spa d a9682417899 aCO-ViMGAbspacCO-ViMGA04a658.01 R637p1 aRodriguez Estrada, Mauro10aPsicología de la organización : bManual de seminarios vivenciales aMexico, cTrillas, c1999 a230.p. aEl organismo social en su medio : Simbiosis de ambos La organización El individuo en la organización Planeación y Psicología Integración organizacional y psicología Dirección y psicología Control y psicología Innovación y psicología Organizaciones públicas y privadas14aPSICOLOGIA INDUSTRIAL14aPSICOLOGIA ORGANIZACIONAL